000 00477nam a2200145Ia 4500
008 100415s9999 xx 000 0 und d
082 _b16637
_a595.789
100 _aMalcolm Stephen B (ed.)
245 _aBiology and Conservation of the Monarch Butterfly
260 _aLOS ANGELES
_c1993
_bNATURAL HISTORY MUSEUM
365 _b0
630 _aBiology and Conservation of the Monarch Butterfly
730 _aBiology and Conservation of the Monarch Butterfly
942 _cBOOK
999 _c599535
_d599532